000 00341 a2200169 4500
001 195393
020 _a978-85-7153-366-0
040 _cMagnum
100 _aLanznaster, Roberto
240 1 0 _aImaginarium
_l
245 1 0 _aImaginarium
300 _a64
362 0 _a2018
440 1 _aRHJ
697 _aLITERATURA JUVENIL
942 _cBK
999 _c195393
_d195393